000 00464nam a2200145Ia 4500
041 _aArabic
082 _a341 cut-282 ف
100 _a20260118u\\\\\\\\\\\y0engy0103\\\\ba
100 _aا.د.سهيل حسين الفتلاوي
245 0 _aموسوعة القانون الدولي 4 - التنظيم الدولي
250 _aط1
260 _bدار الثقافة للنشر والتوزيع
_aعمان-الاردن
_c2009
300 _a352
942 _cBk
999 _c188242
_d188242